00449cam a22001572 4500001001100000005001700011008004100028020000800069040001500077050001700092100004200109245002800151260003900179300001100218650006200229000000057020151217155804.0070212s xx 000 0 eng d cKES aKABUcKABU 0aD576b.G3L481 aLettow Vorbeck, Paul Von.@000014880010aEast African Campaigns. aNew York :bRobert Speller,c1957. a303 p. 0aWorld War 1914-1918xCampaignszAfrica, East.@0000148801